000 01069nam a22002417a 4500
008 081223t xxu||||| |||| 00| 0 eng d
010 _aENG-92273
020 _c250.00
035 _aEN-75806
037 _bDBAD / PUB
040 _adpl
_bEnglish
082 _a343.540944
245 _aSupreme Court on The Motor Vehicles Act, 1988 with state amendments & digest of Supreme Court cases updated case citations arranged subject wise and with Bare Act /
_cedited by A.R. Gupta [and] Ravinder Kumar
260 _aNew Delhi
_bArcher Publications
_c2006-07
270 _a138, Sector-IV, Pocket B/8, Rohini,
_bNew Delhi
_e110085
300 _a300p.
_c22cm (pbk)
610 _aIndia.
_tMotor Vehicles Act, 1988.
650 _aMotor vehicles
_xLaw and legislation
_xDigest
700 _aGupta, A.R.
700 _aRavinder Kumar
942 _2ddc
_cEN
_mSUP
_h343.540944
999 _c20189
_d20189